000
00299nam a22001097a 4500
008
170111b xxu||||| |||| 00| 0 eng d
020
_a
9780805378672
041
_a
eng
080
_2
4TH
_a
618.2
245
_a
EFFECTIVE LEADERSHIP AND MANAGEMENT IN NURSING
_c
SULLIVAN, E.J & DECKER, P.J
942
_2
udc
_c
BK
999
_c
2694
_d
2694